000 00559nam a22002057a 4500
003 OSt
005 20140310182353.0
008 131001t xxu||||| |||| 00| 0 eng d
020 _a9622934749
050 _aBR 115
_b.M671 1995
082 _aGS 270.08
_bM67 1991
245 _aMiracles healing /
260 _aHongkong :
_bHongkong Bible society,
_c1995.
300 _bcol. ill. ;
_c18 cm.
440 _a words of wisdom series
_922228
650 _aErisha
_xprophet.
_922229
650 _aMiracles.
_912304
942 _2lcc
_cBK-GS
999 _c12405
_d12405